000
00299nam a22001337a 4500
008
171027b xxu||||| |||| 00| 0 eng d
020
_a
9780060424190
041
_a
eng
080
_2
2nd
_a
338
100
_a
56
101
_a
MEN
245
_a
BASIC MANAGERIAL FINANCE
_c
GITMAN,L.J
942
_2
udc
_c
BK
999
_c
35980
_d
35980